| 000 | 00548nam a2200193Ia 4500 | ||
|---|---|---|---|
| 008 | 140321s9999 xx 000 0 und d | ||
| 020 | _a9781259073694 | ||
| 050 |
_aPN 1995 _b.B617 2013 |
||
| 100 | _aBordwell, David | ||
| 245 |
_aFilm art : _ban introduction / _cDavid Brodwell and Kristin Thompson. |
||
| 250 | _a10th ed. | ||
| 260 |
_aNew York : _bMcGraw-Hill, _cc2013. |
||
| 300 |
_a526 p. : _bill. ; _c26 cm. |
||
| 500 | _aIncludes index. | ||
| 521 | _aMA | ||
| 650 |
_aMotion pictures _xAesthetics. |
||
| 942 |
_kFOR _cBK |
||
| 999 |
_c48276 _d48276 |
||